2006/2007 Supplementary Estimates (Recurrent Expenditure) (Record no. 891)

MARC details
000 -LEADER
fixed length control field 00311nam a22001217a 4500
008 - FIXED-LENGTH DATA ELEMENTS--GENERAL INFORMATION
fixed length control field 230609b xxu||||| |||| 00| 0 eng d
082 ## - DEWEY DECIMAL CLASSIFICATION NUMBER
Classification number 382.4
Item number KEN
245 ## - TITLE STATEMENT
Title 2006/2007 Supplementary Estimates (Recurrent Expenditure)
260 ## - PUBLICATION, DISTRIBUTION, ETC. (IMPRINT)
Place of publication, distribution, etc. Nairobi,Kenya
Name of publisher, distributor, etc. GOK
Date of publication, distribution, etc. 2007
300 ## - PHYSICAL DESCRIPTION
Extent V,542p
440 ## - SERIES STATEMENT/ADDED ENTRY--TITLE
Volume/sequential designation I
942 ## - ADDED ENTRY ELEMENTS (KOHA)
Source of classification or shelving scheme Dewey Decimal Classification
Koha item type Books
Holdings
Withdrawn status Lost status Source of classification or shelving scheme Damaged status Not for loan Home library Current library Date acquired Total Checkouts Full call number Barcode Date last seen Price effective from Koha item type
    Dewey Decimal Classification     Bunge Tower Library Bunge Tower Library 06/09/2023   382.4 KEN 10006074 06/09/2023 06/09/2023 Books
    Dewey Decimal Classification     Bunge Tower Library Bunge Tower Library 06/12/2023   382.4 KEN 10015266 06/12/2023 06/12/2023 Books
LIBRARY OPENING HOURS

When the Parliament is sitting: 8.00a.m - 7.00p.m or until the house adjourns
Mondays and Fridays and when the House is on Recess:  8.00a.m - 5.00p.m
Closed on Weekends and Public Holidays

Online Public Access Catalog (OPAC)
Website: http://www.parliament.go.ke
Bunge Library: https://libraryir.parliament.go.ke
Contact: library@parliament.go.ke | Tel no: (254-2)2221291 or 2848000 Ext 5043